|
|
|
|
| LEADER |
01057pam a22003138a 4500 |
| 001 |
00027390 |
| 005 |
20171026081025.0 |
| 008 |
111028s2010 ||||||viesd |
| 041 |
0 |
# |
|a vie
|
| 082 |
1 |
4 |
|a 305.899
|b NG558CH
|
| 245 |
0 |
0 |
|a Người Chu - Ru ở Lâm Đồng
|c Hoàng Sơn chủ biên
|
| 260 |
# |
# |
|a Hà Nội
|b Đại học Quốc gia Hà Nội
|c 2010
|
| 300 |
# |
# |
|a 255 tr.
|c 21 cm.
|b ảnh
|
| 500 |
# |
# |
|a ĐTTS ghi: Hội Văn nghệ dân gian Việt Nam
|
| 541 |
# |
# |
|a Tặng
|
| 650 |
# |
4 |
|a Người Chu - Ru (Dân tộc Việt Nam)
|x Đời sống xã hội và tập quán
|
| 653 |
# |
# |
|a Lâm Đồng
|
| 653 |
# |
# |
|a Người Chu - Ru
|
| 700 |
1 |
# |
|a Hoàng, Sơn
|e chủ biên
|
| 710 |
2 |
# |
|a Hội Văn nghệ dân gian Việt Nam
|
| 852 |
# |
# |
|b Kho đọc
|j KD.0011904
|
| 852 |
# |
# |
|j KD.0011904
|
| 910 |
0 |
# |
|a Ntuyet
|d 28/10/2011
|
| 980 |
# |
# |
|a Trung tâm Học liệu Lê Vũ Hùng, Trường Đại học Đồng Tháp
|